| 000 | 00510cam a2200145 4500500 | ||
|---|---|---|---|
| 005 | 20260405003248.0 | ||
| 041 | _afre | ||
| 042 | _adc | ||
| 100 | 1 | 0 |
_aRibereau-Gayon, Philippe _eauthor |
| 245 | 0 | 0 | _aPierre Cassou-Noguès, Lire le cerveau . Neuro/science/fiction. Seuil, 2012, 191 pages, 21,30 € |
| 260 | _c2012. | ||
| 500 | _a15 | ||
| 786 | 0 | _nÉtudes | 417 | 9 | 2012-09-01 | p. XIV-XIV | 0014-1941 | |
| 856 | 4 | 1 | _uhttps://shs.cairn.info/revue-etudes-2012-9-page-XIV?lang=fr&redirect-ssocas=7080 |
| 999 |
_c2065869 _d2065869 |
||